| 000 -LEADER | |
|---|---|
| fixed length control field | 00886cam a22002777i 4500 |
| 001 - CONTROL NUMBER | |
| control field | 19084181 |
| 003 - CONTROL NUMBER IDENTIFIER | |
| control field | OSt |
| 005 - DATE AND TIME OF LATEST TRANSACTION | |
| control field | 20250420134822.0 |
| 008 - FIXED-LENGTH DATA ELEMENTS--GENERAL INFORMATION | |
| fixed length control field | 160506s2016 flua b 001 0 eng d |
| 010 ## - LIBRARY OF CONGRESS CONTROL NUMBER | |
| LC control number | 2015510935 |
| 020 ## - INTERNATIONAL STANDARD BOOK NUMBER | |
| International Standard Book Number | 9781482299182 |
| Qualifying information | pbk |
| 035 ## - SYSTEM CONTROL NUMBER | |
| System control number | (OCoLC)ocn944388332 |
| 040 ## - CATALOGING SOURCE | |
| Original cataloging agency | EQO |
| Language of cataloging | eng |
| Transcribing agency | KCST |
| Description conventions | rda |
| 050 00 - LIBRARY OF CONGRESS CALL NUMBER | |
| Classification number | QC174.12 |
| Item number | .R33 2016 |
| 082 ## - DEWEY DECIMAL CLASSIFICATION NUMBER | |
| Classification number | 530.12 |
| Item number | Ra Qu |
| 100 1# - MAIN ENTRY--PERSONAL NAME | |
| Personal name | Rae, Alastair I. M., |
| Relator term | author. |
| 9 (RLIN) | 5393 |
| 245 10 - TITLE STATEMENT | |
| Title | Quantum mechanics / |
| Statement of responsibility, etc. | Alastair I. M. Rae, Jim Napolitano. |
| 250 ## - EDITION STATEMENT | |
| Edition statement | Sixth edition. |
| 260 #1 - PUBLICATION, DISTRIBUTION, ETC. | |
| Place of publication, distribution, etc. | Boca Raton, FL : |
| Name of publisher, distributor, etc. | CRC Press, Taylor & Francis Group, an informa business |
| Date of publication, distribution, etc. | [2016] |
| 300 ## - PHYSICAL DESCRIPTION | |
| Extent | xxv, 413 pages : |
| Other physical details | illustrations ; |
| Dimensions | 24 cm |
| 504 ## - BIBLIOGRAPHY, ETC. NOTE | |
| Bibliography, etc. note | Includes bibliographical references (pages 403-405) and index. |
| 650 #0 - SUBJECT ADDED ENTRY--TOPICAL TERM | |
| Topical term or geographic name entry element | Quantum theory. |
| 9 (RLIN) | 358 |
| 700 1# - ADDED ENTRY--PERSONAL NAME | |
| Personal name | Napolitano, Jim, |
| Relator term | author. |
| 9 (RLIN) | 5394 |
| 942 ## - ADDED ENTRY ELEMENTS (KOHA) | |
| Koha item type | Book |
| 942 ## - ADDED ENTRY ELEMENTS (KOHA) | |
| Source of classification or shelving scheme | Dewey Decimal Classification |
| Withdrawn status | Lost status | Source of classification or shelving scheme | Damaged status | Not for loan | Home library | Current library | Date acquired | Cost, normal purchase price | Total checkouts | Total renewals | Full call number | Barcode | Date last seen | Date last checked out | Cost, replacement price | Price effective from | Koha item type |
|---|---|---|---|---|---|---|---|---|---|---|---|---|---|---|---|---|---|
| Dewey Decimal Classification | KCST Library | KCST Library | 09/11/2021 | 16.20 | 3 | 3 | 530.12 Ra Qu | 1000000914 | 26/03/2023 | 14/02/2023 | 16.20 | 09/11/2021 | Book |